000 00782nam a2200253Ia 4500
003 OSt
005 20220930191057.0
006 a|||||r|||| 00| 0
007 ta
008 220926b |||||||| |||| 00| 0 eng d
024 _a8446
037 _cDissertations
040 _aCRL
_cCRL
_beng
041 _2eng
_aeng
100 _aAgarwal J P
_9559711
110 _aUniversity of Delhi. Faculty of Medical Sciences. Department of Medicine
245 0 _aStudy of prediabetic state in ischaemic heart disease
260 _c1973
650 _aMEDICINE
700 _a Dr R K Caroli Supervisor
700 _aUniversity of Delhi. Faculty of Medical Sciences. Department of Medicine
942 _cDIS
_2CC
999 _c893493
_d893493